LEADER 00866nam0-22002891i-450- 001 990003756230403321 005 20001010 035 $a000375623 035 $aFED01000375623 035 $a(Aleph)000375623FED01 035 $a000375623 100 $a20001010d--------km-y0itay50------ba 101 0 $aita 105 $ay-------001yy 200 1 $a<>università in alcuni paesi europei$fIsle = Istituto per la documentazione e gli studi legislativi 210 $aMilano$cGiuffrè$d1964. 215 $a233 p.$d23 cm 300 $aContiene bibl. 710 02$aISLE$9$0416466 801 0$aIT$bUNINA$gRICA$2UNIMARC 901 $aBK 912 $a990003756230403321 952 $aA / ISL 1$b939$fBFS 959 $aBFS 996 $aUniversità in alcuni paesi europei$9508679 997 $aUNINA DB $aING01 LEADER 00805nam0-22002771i-450 001 990004566690403321 005 20170320125305.0 035 $a000456669 035 $aFED01000456669 035 $a(Aleph)000456669FED01 035 $a000456669 100 $a19990530d1954----km-y0itay50------ba 101 0 $afre 105 $ay-------001yy 200 1 $aCourtes priéres pour le chrétien dans le siécle 210 $a[Bruges]$cDesclée de Brouwer$d1954 215 $a391 p., [4] c. di tav.$d17 cm 610 0 $aPreghiera - concezione cristiana 676 $a248.32 801 0$aIT$bUNINA$gRICA$2UNIMARC 901 $aBK 912 $a990004566690403321 952 $a200/3 0280$bBibl. 28282$fFLFBC 959 $aFLFBC 996 $aCOURTES prieres pour le chretien dans le siecle$9547940 997 $aUNINA